000 01280nam a22003137a 4500
999 _c945
_d945
003 AR-CdUCM
008 190225b ||||| |||| 00| 0 spa d
040 _aMUNICIPALIDAD PROVINCIAL DEL CUSCO
_cBIBLIOTECA MUNICIPAL DEL CUSCO
082 _a382.063 /
_bQ44
100 _aQuijandría Salmón, Jaime
_93656
245 _aPerú:
_bComercio y desarrollo /
260 _aPeru :
_bCedep;
_c1979.
300 _a233 paginas ;
_c21 cm.
505 _aPosibilidades y perspectivas para los países del tercer mundo -- La tecnología y el desarrollo: Transferencia y creatividad local -- Cooperación económica en las materias primas -- La cooperación entre países de distintos sistemas económicos y sociales ...
650 _aDesarrollo económico
_91696
650 _aComercio
_9322
650 _aCongresos
_92448
700 _aSchuldt Lange, Juergen
_93657
700 _aVega Centeno, Máximo
_93658
700 _aFlores Guevara, Gustavo
_93659
700 _aMoreyra Loredo, Manuel
_93660
700 _aOtero Steinhart, Fernando
_93661
700 _aSanchez Albavera, Fernando
_93662
700 _aRoulet Georgiadis, Jorge
_93663
700 _aEstremadoyro del Campo, Enrique
_93664
700 _aGuiulfo Zender, Luis
_93665
942 _2ddc
_cLIBROS
945 _arum
_d2019-02-25